| 000 | 01735nam a2200265Ia 4500 | ||
|---|---|---|---|
| 003 | OSt | ||
| 005 | 20210924094709.0 | ||
| 008 | 210310s1991 ck gr 000 0 spa d | ||
| 020 | _a9586060284 | ||
| 040 |
_aCO-JCMR _cCO-JCMR |
||
| 041 | 0 | _aspa | |
| 082 | 0 | 4 |
_a338.1809861 / _bM149a _223 |
| 100 | 1 |
_aMachado C., Absalon, _eautor _928605 |
|
| 245 | 1 | 0 |
_aApertura económica y economía campesina / _cAbsalon Machado C. |
| 250 | _aPrimera edición. | ||
| 260 |
_aBogotá : _bSiglo XXI, _c1991. |
||
| 300 |
_a197 páginas ; _c19 cm. |
||
| 504 | _aBibliografía a pie de página. | ||
| 505 | 0 | _aPolítica macroeconómica y desarrollo rural. -- El nuevo modelo de desarrollo y el sector agropecuario. -- El modelo de desarrollo y la economía campesina. -- Elementos para una propuesta frente a la apertura. -- | |
| 520 | _aLa política de apertura económica crea muchas expectativas sobre su incidencia en sectores como la economía campesina. Este ensayo busca, partiendo de los enunciados generales y sectoriales de esa política, aportar elementos para una reflexión sobre la suerte de los campesinos en el nuevo modelo de desarrollo, manejando la hipótesis de que este sector tiene posibilidades de aprovechar la apertura en su beneficio, pero también enfrenta una situación difícil. El autor aboga por la necesidad de construir un discurso moderno y contextualizado Y de la economía campesina, por la urgente actualización de la organización campesina y la necesidad de que el Estado colombiano establezca una política permanente de desarrollo rural. | ||
| 650 | 1 | 4 |
_aEconomía agraria _940787 |
| 650 | 2 | 4 |
_aEconomía campesina. _940788 |
| 650 | 2 | 4 |
_aModelo de desarrollo _vEconomía _940789 |
| 942 |
_2ddc _cBK |
||
| 999 |
_c12579 _d12579 |
||